[Event "Ljubljana-chT 74th"]
[Site "Ljubljana"]
[Date "2022.03.10"]
[Round "8.2"]
[White "Hribar, Andrej"]
[Black "Mihelic, Vesna"]
[Result "1/2-1/2"]
[WhiteElo "1726"]
[BlackElo "1875"]
[PlyCount "50"]
[EventDate "2022.01.13"]
[EventType "team-swiss"]
[EventRounds "9"]
[EventCountry "SLO"]
[SourceTitle "EXT 2024"]
[Source "ChessBase"]
[SourceDate "2023.10.10"]
[SourceVersion "1"]
[SourceVersionDate "2023.10.10"]
[SourceQuality "1"]
[WhiteTeam "Ljubljana SK"]
[BlackTeam "Menges Trzin"]
[WhiteTeamCountry "SLO"]
[BlackTeamCountry "SLO"]

1. d4 d5 2. c4 e6 3. Nc3 Nf6 4. e3 Be7 5. f4 0-0 6. Nf3 c5 7. Be2 Nc6 8. 0-0 b6 9. b3 cxd4 10. exd4 Ne4 11. Bb2 f5 12. Rc1 Ba6 13. cxd5 Bxe2 14. Qxe2 exd5 15. Nxe4 dxe4 16. Rxc6 exf3 17. Rxf3 Bf6 18. Rd3 Re8 19. Re6 Qd7 20. Rxe8+ Rxe8 21. Qd2 Qd5 22. Ba3 Re4 23. Kf1 Rxd4 24. Rxd4 Qxd4 25. Qxd4 Bxd4 1/2-1/2

[Event "SLO-chT2 West"]
[Site "Komenda"]
[Date "2019.12.01"]
[Round "9.5"]
[White "Hribar, Andrej"]
[Black "Turkovic, Igor"]
[Result "0-1"]
[WhiteElo "1714"]
[BlackElo "1789"]
[PlyCount "108"]
[EventDate "2019.11.15"]
[EventType "team-tourn"]
[EventRounds "9"]
[EventCountry "SLO"]
[SourceTitle "EXT 2024"]
[Source "ChessBase"]
[SourceDate "2023.10.10"]
[SourceVersion "1"]
[SourceVersionDate "2023.10.10"]
[SourceQuality "1"]
[WhiteTeam "Ljubljana SK"]
[BlackTeam "Dolenjske Toplice"]
[WhiteTeamCountry "SLO"]
[BlackTeamCountry "SLO"]

1. d4 Nf6 2. c4 c5 3. e3 g6 4. f4 cxd4 5. exd4 Bg7 6. Nf3 0-0 7. Be2 d6 8. Nc3 Bg4 9. 0-0 a6 10. Be3 Re8 11. d5 Nbd7 12. Rc1 Rc8 13. b3 Nc5 14. Bxc5 Rxc5 15. Nd4 Bd7 16. f5 Rc8 17. Kh1 Qb6 18. h3 Nxd5 19. Nxd5 Qxd4 20. fxg6 hxg6 21. Qe1 Bf5 22. Rd1 Qe5 23. Qd2 Be4 24. Bf3 Bxf3 25. Rxf3 e6 26. Re1 Qb2 27. Qf4 f5 28. Rf2 Qd4 29. Qxd4 Bxd4 30. Rfe2 Kf7 31. Nf4 Be5 32. Nd3 Bg3 33. Rd1 Red8 34. Rf1 b5 35. cxb5 axb5 36. Re3 Bh4 37. Nb4 Rc5 38. g3 Bf6 39. g4 Rdc8 40. gxf5 gxf5 41. Rd3 Rc1 42. Rxc1 Rxc1+ 43. Kg2 d5 44. Rd2 Bc3 45. Rc2 Rxc2+ 46. Nxc2 f4 47. Kf3 e5 48. a4 bxa4 49. bxa4 Kf6 50. Kg4 d4 51. Na3 d3 52. Nb5 Ba5 53. Kf3 e4+ 54. Kf2 e3+ 0-1

[Event "SLO-chT2 West"]
[Site "Komenda"]
[Date "2019.11.30"]
[Round "7.5"]
[White "Hribar, Andrej"]
[Black "Bradac, Simon"]
[Result "0-1"]
[WhiteElo "1714"]
[BlackElo "1471"]
[PlyCount "114"]
[EventDate "2019.11.15"]
[EventType "team-tourn"]
[EventRounds "9"]
[EventCountry "SLO"]
[SourceTitle "EXT 2024"]
[Source "ChessBase"]
[SourceDate "2023.10.10"]
[SourceVersion "1"]
[SourceVersionDate "2023.10.10"]
[SourceQuality "1"]
[WhiteTeam "Ljubljana SK"]
[BlackTeam "Ilirska Bistrica Rimex"]
[WhiteTeamCountry "SLO"]
[BlackTeamCountry "SLO"]

1. d4 d5 2. c4 c6 3. e3 Nf6 4. Nc3 Bf5 5. f4 e6 6. Nf3 Bb4 7. Be2 Ne4 8. Qb3 Qb6 9. Bd2 Nxd2 10. Nxd2 Be7 11. c5 Qc7 12. 0-0 h6 13. Qd1 0-0 14. Nf3 Nd7 15. b4 b5 16. Bd3 a5 17. bxa5 Rxa5 18. Qc2 Bxd3 19. Qxd3 Nf6 20. Ne2 Rfa8 21. Nc1 Ne4 22. Re1 Ra3 23. Qc2 Rc3 24. Qb2 Raa3 25. Nb3 b4 26. Nfd2 Nxd2 27. Qxd2 Qa7 28. Qb2 Qa6 29. Qb1 Qc4 30. Nd2 Qb5 31. Nb3 Qc4 32. Nd2 Qd3 33. Qxd3 Rxd3 34. Nb3 g5 35. fxg5 Bxg5 36. Kf2 Rc3 37. g3 h5 38. Kf3 f6 39. Kf2 e5 40. e4 dxe4 41. dxe5 fxe5 42. Kf1 Be3 43. Kg2 Bxc5 44. Nxc5 Rxc5 45. Rxe4 b3 46. Rb4 Rxa2+ 47. Rxa2 bxa2 48. Ra4 Rc2+ 49. Kf3 Kf7 50. h3 Ke6 51. g4 hxg4+ 52. hxg4 c5 53. Ke3 c4 54. Ke4 Rb2 55. Ra6+ Kf7 56. Kf5 Rf2+ 57. Ke4 c3 0-1

[Event "Ljubljana-chT 71st"]
[Site "Ljubljana"]
[Date "2018.03.22"]
[Round "7.4"]
[White "Cebulj Sifrer, Ozbej"]
[Black "Hribar, Andrej"]
[Result "1/2-1/2"]
[WhiteElo "1381"]
[BlackElo "1730"]
[PlyCount "180"]
[EventDate "2018.01.11"]
[EventType "team-tourn"]
[EventRounds "9"]
[EventCountry "SLO"]
[SourceTitle "EXT 2020"]
[Source "ChessBase"]
[SourceDate "2019.10.17"]
[SourceVersion "1"]
[SourceVersionDate "2019.10.17"]
[SourceQuality "1"]
[WhiteTeam "Kranj Gimnazija"]
[BlackTeam "Ljubljana SK"]
[WhiteTeamCountry "SLO"]
[BlackTeamCountry "SLO"]

1. e4 c5 2. Nc3 e6 3. Nf3 a6 4. d4 cxd4 5. Nxd4 d6 6. Bd3 Nf6 7. 0-0 Be7 8. Re1 0-0 9. a4 Nc6 10. Nxc6 bxc6 11. f4 Bb7 12. Be3 c5 13. b3 Qc7 14. Bf2 Qb6 15. Be2 Rfd8 16. Bf3 Qc7 17. Qe2 Rac8 18. e5 Bxf3 19. Qxf3 Nd7 20. Qg3 d5 21. Rad1 Nf8 22. h4 f5 23. h5 c4 24. Ne2 Re8 25. Nd4 Qa5 26. h6 g6 27. Rc1 Ba3 28. Ra1 Bb4 29. Rec1 Bc3 30. Rab1 Bxd4 31. Bxd4 Rb8 32. Qh4 Qd8 33. Qe1 Qc7 34. b4 Rb7 35. c3 Reb8 36. Rb2 Qd7 37. Qd1 Qe7 38. Qe1 Qe8 39. Ra1 Qd8 40. Rab1 Qd7 41. Qd1 Qd8 42. b5 a5 43. Qe1 Nd7 44. Qf2 Nb6 45. Bxb6 Qxb6 46. Qxb6 Rxb6 47. Kf2 Kf7 48. Ke3 Rc8 49. Kd4 Ke7 50. Rg1 Kf7 51. g4 fxg4 52. Rxg4 Ke7 53. Rgg2 Kf7 54. Rbe2 Ke7 55. f5 exf5 56. Kxd5 Rb7 57. e6 Rb6 58. Rd2 Rd6+ 59. Ke5 Rxe6+ 60. Kd5 Rd6+ 61. Ke5 Rc5+ 62. Kf4 Rd3 63. Kg5 Re5 64. Rge2 Re4 65. Rxe4+ fxe4 66. Re2 e3 67. Kf4 Rxc3 68. Rxe3+ Rxe3 69. Kxe3 g5 70. b6 Kd6 71. Kd4 g4 72. b7 Kc7 73. Kxc4 Kxb7 74. Kd4 Kc6 75. Ke4 Kc5 76. Kf4 Kb4 77. Kxg4 Kxa4 78. Kg5 Kb3 79. Kf6 a4 80. Kg7 a3 81. Kxh7 a2 82. Kg8 a1Q 83. h7 Qg1+ 84. Kh8 Qh2 85. Kg8 Qg3+ 86. Kh8 Qh4 87. Kg7 Qg5+ 88. Kh8 Qh6 89. Kg8 Qg6+ 90. Kh8 Qf6+ 1/2-1/2

[Event "SLO-chT3 West"]
[Site "Komenda"]
[Date "2017.12.10"]
[Round "4.2"]
[White "Hribar, Andrej"]
[Black "Mihelic, Vesna"]
[Result "0-1"]
[WhiteElo "1744"]
[BlackElo "1690"]
[PlyCount "80"]
[EventDate "2017.12.08"]
[EventType "team-swiss"]
[EventRounds "5"]
[EventCountry "SLO"]
[SourceTitle "EXT 2019"]
[Source "ChessBase"]
[SourceDate "2018.10.10"]
[SourceVersion "1"]
[SourceVersionDate "2018.10.10"]
[SourceQuality "1"]
[WhiteTeam "Ljubljana Duol III"]
[BlackTeam "Komenda Popotnik"]
[WhiteTeamCountry "SLO"]
[BlackTeamCountry "SLO"]

1. d4 d5 2. c4 e6 3. Nc3 Nf6 4. e3 Be7 5. f4 b6 6. Nf3 Bb7 7. Bd3 Ne4 8. Bxe4 dxe4 9. Ne5 Nd7 10. 0-0 0-0 11. b3 c5 12. d5 exd5 13. cxd5 Bf6 14. Nxe4 Nxe5 15. Nxf6+ Qxf6 16. Bb2 Nf3+ 17. Qxf3 Qxb2 18. e4 Rfe8 19. Kh1 Rad8 20. Rfb1 Qd4 21. Re1 h6 22. Rad1 Qb4 23. Re2 Rd7 24. h3 Ba6 25. Re3 Bb7 26. f5 Rde7 27. Rde1 Qd4 28. Rd1 Rxe4 29. Rxd4 Rxe3 30. Qg4 cxd4 31. f6 g6 32. Qxd4 R3e5 33. Qd2 Kh7 34. Qf4 Bxd5 35. Qb4 Re1+ 36. Kh2 R1e2 37. Kg1 Rxg2+ 38. Kf1 Rxa2 39. Qd4 Rc8 40. Qf4 Rcc2 0-1

[Event "SLO-chT3 West"]
[Site "Komenda"]
[Date "2017.12.10"]
[Round "5.2"]
[White "Hribar, Andrej"]
[Black "Skomina, Tej"]
[Result "1-0"]
[WhiteElo "1744"]
[BlackElo "1176"]
[PlyCount "81"]
[EventDate "2017.12.08"]
[EventType "team-swiss"]
[EventRounds "5"]
[EventCountry "SLO"]
[SourceTitle "EXT 2019"]
[Source "ChessBase"]
[SourceDate "2018.10.10"]
[SourceVersion "1"]
[SourceVersionDate "2018.10.10"]
[SourceQuality "1"]
[WhiteTeam "Ljubljana Duol III"]
[BlackTeam "Caven Ajdovscina"]
[WhiteTeamCountry "SLO"]
[BlackTeamCountry "SLO"]

1. d4 d5 2. c4 dxc4 3. e3 Nf6 4. Bxc4 Bf5 5. Qb3 e6 6. Nc3 g6 7. Qxb7 Nbd7 8. b3 Nb6 9. Bb5+ Nfd7 10. Qf3 Qe7 11. e4 Bxe4 12. Qxe4 Bg7 13. a4 Rd8 14. Nge2 0-0 15. Ba3 c5 16. a5 Nc8 17. Bxd7 Qxd7 18. Bxc5 Rfe8 19. 0-0 Nd6 20. Bxd6 Qxd6 21. Rfd1 Re7 22. g3 Red7 23. Ra4 e5 24. dxe5 Qxe5 25. Rxd7 Rxd7 26. Qa8+ Bf8 27. Re4 Qc7 28. Re8 Qd6 29. Nf4 Kg7 30. Re1 Qa3 31. Qc8 Re7 32. Rxe7 Bxe7 33. Ncd5 Qxa5 34. Qc3+ Qxc3 35. Nxc3 a5 36. Ncd5 Bc5 37. Nd3 Bd6 38. Nb2 Bb4 39. Nxb4 axb4 40. Nd3 Kf6 41. Nxb4 1-0

[Event "SLO-chT Central Superliga 15th"]
[Site "Slovenia"]
[Date "2014.10.23"]
[Round "7.3"]
[White "Hribar, Andrej"]
[Black "Majcen, Zoran"]
[Result "1/2-1/2"]
[WhiteElo "1690"]
[BlackElo "1861"]
[PlyCount "120"]
[EventDate "2014.09.11"]
[EventType "team-tourn"]
[EventRounds "9"]
[EventCountry "SLO"]
[SourceTitle "EXT 2022"]
[Source "ChessBase"]
[SourceDate "2021.10.06"]
[SourceVersion "1"]
[SourceVersionDate "2021.10.06"]
[SourceQuality "1"]
[WhiteTeam "Klinicni Center"]
[BlackTeam "Bor Dob"]
[WhiteTeamCountry "SLO"]
[BlackTeamCountry "SLO"]

1. d4 d5 2. c4 e6 3. Nc3 Nf6 4. e3 Bd6 5. f4 c6 6. Nf3 0-0 7. c5 Bc7 8. Bd3 b6 9. cxb6 axb6 10. 0-0 Ba6 11. a3 c5 12. b3 Bd6 13. Qe2 Bxd3 14. Qxd3 Qe7 15. Bb2 Nbd7 16. Ne5 Rfc8 17. Nb5 Ne4 18. f5 Ndf6 19. Rf3 c4 20. bxc4 dxc4 21. Nxc4 Bxh2+ 22. Kxh2 Ng4+ 23. Kg1 exf5 24. Ne5 Nxe5 25. dxe5 Rd8 26. Nd6 Nxd6 27. exd6 Rxd6 28. Qxf5 Rad8 29. Bd4 Rg6 30. Raf1 f6 31. Bxb6 Rb8 32. Bc5 Qe8 33. Bb4 Qc6 34. Rd1 Rg5 35. Qf4 Re8 36. Rg3 h6 37. Rxg5 hxg5 38. Qd6 Qxd6 39. Rxd6 Rxe3 40. Kf2 Re4 41. Kf3 f5 42. g3 g4+ 43. Kf2 f4 44. gxf4 Rxf4+ 45. Kg3 Rc4 46. Rg6 Kf7 47. Rxg4 Rxg4+ 48. Kxg4 Ke6 49. Bc5 Kd7 50. Kf5 Kc7 51. Be3 Kb7 52. Ke6 Ka8 53. Kd6 Kb7 54. Kc5 Kc7 55. Kb5 Kb7 56. a4 g5 57. Bxg5 Ka7 58. a5 Kb7 59. Bd8 Ka7 60. Kc6 Kb8 1/2-1/2

[Event "Ljubljana Winter op"]
[Site "Ljubljana"]
[Date "2014.01.29"]
[Round "4"]
[White "Lavrih, Domen"]
[Black "Hribar, Andrej"]
[Result "0-1"]
[WhiteElo "1400"]
[BlackElo "1692"]
[PlyCount "68"]
[EventDate "2014.01.08"]
[EventType "swiss"]
[EventRounds "9"]
[EventCountry "SLO"]
[SourceTitle "EXT 2023"]
[Source "ChessBase"]
[SourceDate "2022.10.05"]
[SourceVersion "1"]
[SourceVersionDate "2022.10.05"]
[SourceQuality "1"]

1. e4 c5 2. Nc3 Nc6 3. f4 a6 4. Nf3 e6 5. d3 b5 6. g3 Bb7 7. Bg2 g6 8. 0-0 Bg7 9. Be3 d6 10. Re1 b4 11. Na4 e5 12. fxe5 Bxe5 13. Nxe5 Nxe5 14. d4 cxd4 15. Bxd4 Ne7 16. Nb6 Rb8 17. Bxe5 dxe5 18. Nc4 f6 19. Nd6+ Kf8 20. Nxb7 Qb6+ 21. Kh1 Rxb7 22. Rf1 Kg7 23. Qe2 Nc6 24. Qf2 Qxf2 25. Rxf2 Nd4 26. Bf1 a5 27. Bc4 Rc7 28. b3 Rd8 29. a3 bxa3 30. Rxa3 Rc5 31. Ra1 Rb8 32. Raf1 Rb6 33. Rb1 Rxc4 34. bxc4 Rxb1+ 0-1

[Event "Ljubljana Winter op"]
[Site "Ljubljana"]
[Date "2014.01.22"]
[Round "3"]
[White "Hribar, Andrej"]
[Black "Juhant, Igor"]
[Result "1/2-1/2"]
[WhiteElo "1692"]
[BlackElo "1963"]
[PlyCount "110"]
[EventDate "2014.01.08"]
[EventType "swiss"]
[EventRounds "9"]
[EventCountry "SLO"]
[SourceTitle "EXT 2023"]
[Source "ChessBase"]
[SourceDate "2022.10.05"]
[SourceVersion "1"]
[SourceVersionDate "2022.10.05"]
[SourceQuality "1"]

1. d4 Nf6 2. c4 e6 3. Nc3 Bb4 4. Qc2 d5 5. e3 0-0 6. a3 Bxc3+ 7. Qxc3 Ne4 8. Qc2 c5 9. dxc5 Nxc5 10. Nf3 b6 11. cxd5 exd5 12. Be2 Bb7 13. 0-0 a5 14. b3 Nbd7 15. Bb2 Rc8 16. Qd1 Re8 17. b4 Ne6 18. Bb5 Re7 19. Qd2 Nc7 20. Bxd7 Qxd7 21. bxa5 bxa5 22. Qxa5 Ba6 23. Rfc1 Bc4 24. Qd2 Ne6 25. Bc3 Nc5 26. Nd4 Nb3 27. Nxb3 Bxb3 28. Qd4 f6 29. Qd2 Re4 30. Bd4 Ree8 31. Rab1 Qa4 32. Bc5 Rc6 33. Bb4 Rec8 34. Rxc6 Rxc6 35. Rc1 Kf7 36. Rxc6 Qxc6 37. Qc3 Qxc3 38. Bxc3 g6 39. f3 Ke6 40. Kf2 h5 41. h4 Ba4 42. Kg3 Kf5 43. Kf2 Bb5 44. Bd4 Ke6 45. g4 Bd7 46. Kg3 Bb5 47. gxh5 gxh5 48. Kf4 Ba4 49. e4 dxe4 50. fxe4 Bd1 51. Bc3 Ba4 52. e5 fxe5+ 53. Bxe5 Kd5 54. Bf6 Kc6 55. Ke4 Kb7 1/2-1/2

[Event "Ljubljana Autumn op"]
[Site "Ljubljana"]
[Date "2013.11.16"]
[Round "7"]
[White "Hribar, Andrej"]
[Black "More, Erlend"]
[Result "1-0"]
[WhiteElo "1693"]
[BlackElo "1656"]
[PlyCount "121"]
[EventDate "2013.09.04"]
[EventType "swiss"]
[EventRounds "9"]
[EventCountry "SLO"]
[SourceTitle "EXT 2023"]
[Source "ChessBase"]
[SourceDate "2022.10.05"]
[SourceVersion "1"]
[SourceVersionDate "2022.10.05"]
[SourceQuality "1"]

1. d4 Nf6 2. c4 e6 3. Nf3 b6 4. e3 Bb7 5. Be2 Bb4+ 6. Bd2 Qe7 7. 0-0 Bxd2 8. Nbxd2 0-0 9. a3 d6 10. b4 Nbd7 11. Nb3 c5 12. Rb1 Rac8 13. bxc5 dxc5 14. a4 Rfd8 15. Nfd2 Ne4 16. Qc2 Nxd2 17. Nxd2 cxd4 18. exd4 Nf6 19. Nb3 Ba8 20. Rfd1 Nd5 21. Qd2 Nf6 22. Qe3 Rc7 23. a5 Be4 24. axb6 axb6 25. Ra1 Bc2 26. Rd2 Bxb3 27. Qxb3 Ne4 28. Rdd1 Qf6 29. Qe3 Nd6 30. Rac1 h6 31. Bd3 Nf5 32. Qf4 Rcd7 33. Bxf5 exf5 34. d5 Rd6 35. h3 g5 36. Qe3 Kf8 37. Re1 b5 38. cxb5 Rxd5 39. Rc6 R5d6 40. Qc5 Qd4 41. Qxf5 Rxc6 42. bxc6 Qc3 43. Re6 Kg7 44. Re7 Qf6 45. Qxf6+ Kxf6 46. Re2 Rc8 47. Rc2 Rc7 48. Kh2 Ke6 49. h4 f5 50. hxg5 hxg5 51. Rc5 Kf6 52. Kg3 Kg6 53. Kf3 Kf6 54. Ke2 Ke6 55. Kd3 Kf6 56. Kc4 Ke6 57. Kb5 g4 58. Kb6 Rc8 59. Kb7 Re8 60. c7 Re7 61. Kb8 1-0

[Event "SLO-chT2 West"]
[Site "Ljubljana"]
[Date "2013.11.16"]
[Round "7.6"]
[White "Markic, Vladimir"]
[Black "Hribar, Andrej"]
[Result "1-0"]
[WhiteElo "1729"]
[BlackElo "1693"]
[PlyCount "71"]
[EventDate "2013.11.08"]
[EventType "team"]
[EventRounds "9"]
[EventCountry "SLO"]
[SourceTitle "EXT 2015"]
[Source "ChessBase"]
[SourceDate "2014.11.20"]
[SourceVersion "1"]
[SourceVersionDate "2014.11.20"]
[SourceQuality "1"]
[WhiteTeam "Trzin"]
[BlackTeam "Lojz Kraigher"]
[WhiteTeamCountry "SLO"]
[BlackTeamCountry "SLO"]

1. d4 d5 2. Nf3 e6 3. Bf4 c5 4. e3 Nc6 5. c3 a6 6. Bd3 c4 7. Bc2 b5 8. a3 Bd6 9. Bxd6 Qxd6 10. Nbd2 f5 11. 0-0 Nf6 12. Ne1 Ng4 13. g3 Bb7 14. Qe2 Ne7 15. f4 a5 16. Nef3 a4 17. Ne5 Nxe5 18. fxe5 Qd7 19. Qh5+ g6 20. Qh6 0-0-0 21. Rf2 Ng8 22. Qg5 Qg7 23. Raf1 Bc6 24. g4 h6 25. Qh4 g5 26. Qg3 Ne7 27. gxf5 exf5 28. Bxf5+ Kb7 29. e4 Rdf8 30. exd5 Nxd5 31. Ne4 Qe7 32. Nd6+ Ka8 33. Be4 Rxf2 34. Rxf2 Qc7 35. Rf7 Qb6 36. Qf3 1-0

[Event "SLO-chT2 West"]
[Site "Ljubljana"]
[Date "2013.11.15"]
[Round "6.6"]
[White "Hribar, Andrej"]
[Black "Cebron, Asja"]
[Result "1-0"]
[WhiteElo "1693"]
[BlackElo "1369"]
[PlyCount "79"]
[EventDate "2013.11.08"]
[EventType "team"]
[EventRounds "9"]
[EventCountry "SLO"]
[SourceTitle "EXT 2015"]
[Source "ChessBase"]
[SourceDate "2014.11.20"]
[SourceVersion "1"]
[SourceVersionDate "2014.11.20"]
[SourceQuality "1"]
[WhiteTeam "Lojz Kraigher"]
[BlackTeam "Hidria Tolmin"]
[WhiteTeamCountry "SLO"]
[BlackTeamCountry "SLO"]

1. d4 Nf6 2. c4 g6 3. Nc3 Bg7 4. e4 d6 5. Bd3 0-0 6. Nge2 Nc6 7. a3 a5 8. 0-0 e5 9. d5 Ne7 10. f4 c6 11. fxe5 dxe5 12. Bg5 Ng4 13. h3 Qb6+ 14. Kh1 Nf2+ 15. Rxf2 Qxf2 16. Bxe7 Re8 17. d6 Bd7 18. Qg1 Qxg1+ 19. Kxg1 Bf8 20. Bxf8 Kxf8 21. Rb1 b6 22. Na4 Rab8 23. Nac3 c5 24. Rd1 Be6 25. Nb5 Red8 26. Nec3 Rd7 27. Be2 Rbd8 28. a4 Kg8 29. b3 h5 30. Rf1 Kg7 31. g4 hxg4 32. Bxg4 Bxg4 33. hxg4 Rh8 34. Kg2 Rh4 35. Kg3 Rh8 36. Nd5 Rb8 37. g5 Kh8 38. Nf6 Rdb7 39. d7 Rd8 40. Nd6 1-0

[Event "Ljubljana Autumn op"]
[Site "Ljubljana"]
[Date "2013.11.06"]
[Round "6"]
[White "Hribar, Andrej"]
[Black "Markosek, Maj"]
[Result "0-1"]
[WhiteElo "1693"]
[BlackElo "1663"]
[PlyCount "152"]
[EventDate "2013.09.04"]
[EventType "swiss"]
[EventRounds "9"]
[EventCountry "SLO"]
[SourceTitle "EXT 2023"]
[Source "ChessBase"]
[SourceDate "2022.10.05"]
[SourceVersion "1"]
[SourceVersionDate "2022.10.05"]
[SourceQuality "1"]

1. d4 Nf6 2. c4 e6 3. Nc3 Bb4 4. Qc2 c5 5. a3 Bxc3+ 6. bxc3 d6 7. e4 e5 8. d5 h6 9. Bd3 0-0 10. Ne2 Qc7 11. 0-0 Nbd7 12. f4 exf4 13. Bxf4 Nh5 14. Be3 Ne5 15. Nf4 Nf6 16. Ne2 Nfg4 17. Bf4 b5 18. h3 bxc4 19. Bxc4 Nxc4 20. hxg4 Bxg4 21. Qd3 Ne5 22. Bxe5 dxe5 23. Ng3 c4 24. Qd2 Rab8 25. Rfc1 Rb3 26. Nf1 Rfb8 27. Ne3 Qc5 28. Kh2 Rb2 29. Rc2 Rxc2 30. Nxc2 a5 31. Ne3 h5 32. Qf2 Qc8 33. Qf1 Rb2 34. Nxc4 Re2 35. Nxe5 Qc7 36. Qf4 f6 37. Ng6 Qxf4+ 38. Nxf4 Rxe4 39. Nh3 Bxh3 40. gxh3 Re2+ 41. Kg1 Rc2 42. d6 Rd2 43. Rb1 Rxd6 44. Rb5 Rd3 45. Kg2 Rxc3 46. Rxa5 g5 47. Ra7 g4 48. hxg4 hxg4 49. Ra4 Kf7 50. Rxg4 Rxa3 51. Rb4 Kg6 52. Kf2 Kg5 53. Kg2 Ra2+ 54. Kf3 f5 55. Rb3 Ra4 56. Rc3 Rh4 57. Rc8 Rh3+ 58. Kg2 Ra3 59. Rc2 Kg4 60. Rc4+ f4 61. Rc2 Rh3 62. Rc4 Rb3 63. Rc2 Rg3+ 64. Kf2 Rh3 65. Rc8 Rh2+ 66. Kg1 Ra2 67. Rg8+ Kf3 68. Re8 Ra1+ 69. Kh2 Kf2 70. Rg8 f3 71. Rb8 Kf1 72. Kg3 f2 73. Rb2 Ra3+ 74. Kh2 Re3 75. Ra2 Rd3 76. Rb2 Ke1 0-1

[Event "Ljubljana op 1st"]
[Site "Ljubljana"]
[Date "2013.03.20"]
[Round "7"]
[White "Mauric, Miha"]
[Black "Hribar, Andrej"]
[Result "0-1"]
[WhiteElo "1788"]
[BlackElo "1654"]
[PlyCount "122"]
[EventDate "2013.01.09"]
[EventType "swiss"]
[EventRounds "9"]
[EventCountry "SLO"]
[SourceTitle "EXT 2023"]
[Source "ChessBase"]
[SourceDate "2022.10.05"]
[SourceVersion "1"]
[SourceVersionDate "2022.10.05"]
[SourceQuality "1"]

1. d4 f5 2. c4 Nf6 3. Nc3 e6 4. Bg5 Be7 5. e3 0-0 6. Bd3 b6 7. Nge2 Bb7 8. 0-0 d6 9. Qc2 Nbd7 10. Nf4 Kf7 11. d5 exd5 12. Bxf5 Nc5 13. b4 Nce4 14. Ne6 Qe8 15. Nxe4 Nxe4 16. Bxe7 Qxe7 17. Nxf8 Rxf8 18. Bxe4 dxe4 19. Rfd1 Kg8 20. Rd2 Rf6 21. Qb3 c5 22. Rad1 h6 23. bxc5 bxc5 24. Rb1 Bc6 25. Qb8+ Kh7 26. Rbd1 Ba4 27. Rb1 Bc6 28. Qc8 Be8 29. Rb8 Qe5 30. Rd1 Bf7 31. a4 Qc3 32. Qb7 Qc2 33. Qb1 Qxf2+ 34. Kh1 Qxe3 35. Re1 Qd4 36. h3 Bg6 37. Qc1 Rf2 38. Rb7 Rd2 39. Qa1 Qxa1 40. Rxa1 e3 41. Re7 e2 42. Re1 Bd3 43. Kg1 Bxc4 44. Rxa7 Rd4 45. g3 Rd5 46. Kf2 Rf5+ 47. Ke3 Kg6 48. a5 d5 49. Rc7 d4+ 50. Kd2 Bb5 51. Ra1 Re5 52. Rb7 c4 53. Rb6+ Kf5 54. Re1 c3+ 55. Kc2 Ke4 56. a6 Ba4+ 57. Kb1 Kd3 58. Kc1 Ra5 59. Rb4 Rxa6 60. h4 Be8 61. Rb1 Rf6 0-1

[Event "Ljubljana op 1st"]
[Site "Ljubljana"]
[Date "2013.03.13"]
[Round "8"]
[White "Vrecek, Matej"]
[Black "Hribar, Andrej"]
[Result "0-1"]
[WhiteElo "1713"]
[BlackElo "1654"]
[PlyCount "68"]
[EventDate "2013.01.09"]
[EventType "swiss"]
[EventRounds "9"]
[EventCountry "SLO"]
[SourceTitle "EXT 2023"]
[Source "ChessBase"]
[SourceDate "2022.10.05"]
[SourceVersion "1"]
[SourceVersionDate "2022.10.05"]
[SourceQuality "1"]

1. e4 c5 2. Nf3 d6 3. d4 cxd4 4. Nxd4 a6 5. Nc3 Nf6 6. Be3 e6 7. Qd2 Be7 8. Be2 0-0 9. 0-0 b5 10. f3 Bb7 11. Rad1 Nbd7 12. Nb3 Rc8 13. Bf4 b4 14. Na4 d5 15. e5 Nh5 16. Nd4 Nxf4 17. Qxf4 Qc7 18. Rfe1 Nxe5 19. Bxa6 Bxa6 20. Qxe5 Bd6 21. Qe3 Bxh2+ 22. Kh1 Bf4 23. Nxe6 fxe6 24. Qxe6+ Qf7 25. Qxa6 Qh5+ 26. Kg1 Rxc2 27. Qe6+ Kh8 28. Qh3 Qf7 29. Re6 Qa7+ 30. Nb6 Rxb2 31. Qf5 Qxb6+ 32. Kh1 Qd8 33. Rxd5 Qh4+ 34. Kg1 Qf2+ 0-1

[Event "Ljubljana Autumn op"]
[Site "Ljubljana"]
[Date "2012.09.28"]
[Round "3"]
[White "Hribar, Andrej"]
[Black "Gombac, Jan"]
[Result "0-1"]
[WhiteElo "1658"]
[BlackElo "2267"]
[PlyCount "106"]
[EventDate "2012.09.05"]
[EventType "swiss"]
[EventRounds "9"]
[EventCountry "SLO"]
[SourceTitle "EXT 2023"]
[Source "ChessBase"]
[SourceDate "2022.10.05"]
[SourceVersion "1"]
[SourceVersionDate "2022.10.05"]
[SourceQuality "1"]

1. d4 d6 2. c4 e5 3. d5 Be7 4. e4 Bg5 5. Nc3 Bxc1 6. Qxc1 Ne7 7. Bd3 0-0 8. Nge2 a5 9. 0-0 Nd7 10. Qd2 Nc5 11. Bc2 Ng6 12. Ng3 Nf4 13. a3 a4 14. Nce2 Qg5 15. Kh1 g6 16. Rae1 Qf6 17. Nc3 Bd7 18. Qe3 Kg7 19. Nge2 Rfe8 20. Ng3 h5 21. Nge2 h4 22. Ng1 h3 23. gxh3 Rh8 24. f3 Bxh3 25. Rf2 Qh4 26. Nxh3 Nxh3 27. Rg2 Nf4 28. Rd2 Rh5 29. Rf1 Rah8 30. Qg1 Rg5 31. Qf2 Qh3 32. Rg1 Qh6 33. Rxg5 Qxg5 34. Nd1 Nh3 35. Qg2 Qh4 36. Qg3 Qxg3 37. hxg3 Ng5+ 38. Kg2 Rh2+ 39. Kxh2 Nxf3+ 40. Kg2 Nxd2 41. Nc3 Nxc4 42. Bxa4 Nxb2 43. Bb5 f5 44. Kf3 Nxe4 45. Nxe4 fxe4+ 46. Kxe4 Nd1 47. Kd3 Nf2+ 48. Ke2 Ne4 49. Kf3 Nf6 50. Bc4 Kh6 51. Bb3 Kg5 52. Bc4 Kf5 53. Bb3 e4+ 0-1

[Event "Ljubljana-chT 65th Superliga"]
[Site "Ljubljana"]
[Date "2012.01.19"]
[Round "2.4"]
[White "Hribar, Andrej"]
[Black "Nadvesnik, Vilma"]
[Result "0-1"]
[WhiteElo "1636"]
[BlackElo "1936"]
[PlyCount "64"]
[EventDate "2012.01.12"]
[EventType "team-tourn"]
[EventRounds "9"]
[EventCountry "SLO"]
[SourceTitle "EXT 2022"]
[Source "ChessBase"]
[SourceDate "2021.10.06"]
[SourceVersion "1"]
[SourceVersionDate "2021.10.06"]
[SourceQuality "1"]
[WhiteTeam "Klinicni Center"]
[BlackTeam "Domzale SD"]
[WhiteTeamCountry "SLO"]
[BlackTeamCountry "SLO"]

1. d4 Nf6 2. c4 c5 3. d5 e6 4. Nc3 exd5 5. cxd5 d6 6. e4 g6 7. Bd3 Bg7 8. Nge2 0-0 9. 0-0 a6 10. a4 Re8 11. Bg5 Qc7 12. Qd2 Nbd7 13. Bh6 Rb8 14. Bxg7 Kxg7 15. a5 Ne5 16. f4 Nxd3 17. Qxd3 b5 18. Ng3 Bb7 19. b3 Rbc8 20. Rfe1 Qd8 21. h3 Nd7 22. Nd1 Qf6 23. Qc3 Bxd5 24. Rb1 Bb7 25. Qd2 Nf8 26. Nf2 Rcd8 27. f5 h5 28. Qe2 Qg5 29. Qf3 Nd7 30. Nd3 h4 31. Nh1 Rxe4 32. fxg6 Rxe1+ 0-1